Pesta Sukan Kementerian Kewangan ke XIX [ 20 November 1993 (volume 1 dan 2)
| Corporate Author: | |
|---|---|
| Format: | Book |
| Published: |
Bangi :
Institut Penilaian Negara ,
1993
|
MARC
| LEADER | 00000cam a2200000 7i4500 | ||
|---|---|---|---|
| 001 | 0000005178 | ||
| 005 | 20090712.0 | ||
| 008 | 090712 my v | ||
| 040 | |a INS | ||
| 090 | 0 | 0 | |a VCD 1557 |
| 245 | 0 | 0 | |a Pesta Sukan Kementerian Kewangan ke XIX [ |h cakera video] : |b 20 November 1993 (volume 1 dan 2) |
| 260 | |a Bangi : |b Institut Penilaian Negara , |c 1993 | ||
| 300 | |a 1 cakera video (1 jam 58 min.) : |b bny., wrn. ; |c 4 3/4 in. | ||
| 500 | |a Juga terdapat dalam format VHS 501 - 502 | ||
| 710 | 1 | |a Institut Penilaian Negara | |
| 999 | |a VCD0001557 |b DIGITAL VIDEO CD |c Media Collection |e Default branch | ||